00413nam a2200157Ia 4500008004100000020001500041041001200056082001600068100001700084245006900101250000800170260003800178300000800216650001400224700001700238221030s9999 xx 000 0 und d a0706995716 aEnglish a105.23bSha aK. K. Sharma 2aA Text Book of Physical Chemistrycby K. K. Sharma, L. K. Sharma a4th bVikas Pub. HouseaNew Delhic2004 a210 aChemistry aL. K. Sharma